[Event "Pfalz op-A 11th"]
[Site "Neustadt an der Weinstrasse"]
[Date "2020.02.23"]
[Round "4"]
[White "Hoffmann, Jens"]
[Black "Chernov, Vadim A"]
[Result "1/2-1/2"]
[WhiteElo "2153"]
[BlackElo "2338"]
[PlyCount "59"]
[EventDate "2020.02.21"]
[EventType "swiss"]
[EventRounds "9"]
[EventCountry "GER"]
[SourceTitle "CBM 195 Extra"]
[Source "ChessBase"]
[SourceDate "2020.05.31"]
[SourceVersion "1"]
[SourceVersionDate "2020.05.31"]
[SourceQuality "1"]

1. e4 c6 2. Nc3 d5 3. Nf3 Bg4 4. h3 Bxf3 5. Qxf3 e6 6. d3 Nf6 7. Bd2 Qb6 8. 0-0-0 d4 9. Ne2 a5 10. g4 Na6 11. c3 c5 12. Bg2 Nd7 13. e5 dxc3 14. Bxc3 Nb4 15. Qxb7 Qxb7 16. Bxb7 Rb8 17. Bxb4 cxb4 18. Bg2 Nxe5 19. f4 Rc8+ 20. Kb1 Nc6 21. d4 Be7 22. d5 exd5 23. Rxd5 0-0 24. Rc1 Rfe8 25. Rb5 Bd6 26. Rxc6 Rxc6 27. Bxc6 Rxe2 28. Rd5 Be7 29. Re5 Rxe5 30. fxe5 1/2-1/2

[Event "GER-chT U20"]
[Site "Braunschweig"]
[Date "2019.12.29"]
[Round "6.3"]
[White "Goldbeck, Lars"]
[Black "Hoffmann, Jens"]
[Result "1/2-1/2"]
[WhiteElo "2312"]
[BlackElo "2113"]
[PlyCount "137"]
[EventDate "2019.12.27"]
[EventType "team-swiss"]
[EventRounds "7"]
[EventCountry "GER"]
[SourceTitle "CBM 194 Extra"]
[Source "ChessBase"]
[SourceDate "2020.03.31"]
[SourceVersion "1"]
[SourceVersionDate "2020.03.31"]
[SourceQuality "1"]
[WhiteTeam "Regensburg Bavaria"]
[BlackTeam "Biberach"]
[WhiteTeamCountry "GER"]
[BlackTeamCountry "GER"]

1. Nf3 Nf6 2. c4 g6 3. Nc3 c5 4. g3 Bg7 5. Bg2 Nc6 6. d3 0-0 7. Bd2 d6 8. Qc1 h5 9. h3 Rb8 10. 0-0 a6 11. Ng5 Bd7 12. a4 Nd4 13. Qd1 Bc6 14. Nd5 b5 15. e3 bxc4 16. Ba5 Qxa5 17. Nxe7+ Kh8 18. Nxc6 Nxc6 19. Bxc6 Qc7 20. Bg2 cxd3 21. Qxd3 Rxb2 22. Qxa6 Nh7 23. Nxh7 Kxh7 24. Rad1 Rb6 25. Qd3 c4 26. Qd5 c3 27. Be4 Qc5 28. a5 Ra6 29. Qxc5 dxc5 30. Ra1 Rd8 31. Kg2 Rd7 32. Ra4 Rda7 33. Rfa1 c2 34. Rc1 Bc3 35. Rxc2 Bb4 36. Bd5 Kg7 37. Rc4 Rxa5 38. Rxa5 Rxa5 39. Rf4 Ra7 40. Re4 Rd7 41. Bc4 Ra7 42. Re8 Rd7 43. Rc8 Be1 44. Kf1 Bb4 45. e4 Re7 46. Bd5 Ra7 47. Ke2 Re7 48. Kf3 Ra7 49. Kg2 Rd7 50. Rc6 Re7 51. f4 Rd7 52. Kf3 Ra7 53. Kg2 Rd7 54. Ra6 Bc3 55. Kf3 Bd4 56. h4 Rc7 57. Ra4 Rd7 58. Ra2 f5 59. Ra6 fxe4+ 60. Bxe4 Bf6 61. Rc6 Ra7 62. Rxc5 Ra3+ 63. Kg2 Ra2+ 64. Kh3 Re2 65. Bc2 Re3 66. Rc7+ Re7 67. Rc6 Re3 68. Kg2 Rc3 69. Rxc3 1/2-1/2

[Event "Wiesbaden op 31st"]
[Site "Wiesbaden"]
[Date "2019.08.24"]
[Round "5"]
[White "Hoffmann, Jens"]
[Black "Wolf, Andreas"]
[Result "1/2-1/2"]
[WhiteElo "2143"]
[BlackElo "2028"]
[PlyCount "39"]
[EventDate "2019.08.22"]
[EventType "swiss"]
[EventRounds "7"]
[EventCountry "GER"]
[SourceTitle "EXT 2020"]
[Source "ChessBase"]
[SourceDate "2019.10.17"]
[SourceVersion "1"]
[SourceVersionDate "2019.10.17"]
[SourceQuality "1"]

1. e4 c5 2. Nc3 Nc6 3. g3 g6 4. Bg2 Bg7 5. Nge2 e5 6. d3 Nge7 7. 0-0 0-0 8. Nd5 d6 9. Rb1 Nxd5 10. exd5 Nd4 11. c4 Bg4 12. f3 Nxe2+ 13. Qxe2 Bd7 14. a3 f5 15. f4 Re8 16. Qf2 exf4 17. Qxf4 Be5 18. Qf3 b6 19. b4 Qf6 20. Bh3 1/2-1/2

[Event "Wiesbaden op 29th"]
[Site "Wiesbaden"]
[Date "2017.08.25"]
[Round "2"]
[White "Hoffmann, Jens"]
[Black "Maleski, Heinz"]
[Result "1-0"]
[WhiteElo "1869"]
[BlackElo "1708"]
[PlyCount "79"]
[EventDate "2017.08.24"]
[EventType "swiss"]
[EventRounds "7"]
[EventCountry "GER"]
[SourceTitle "CBM 180 Extra"]
[Source "ChessBase"]
[SourceDate "2017.10.06"]
[SourceVersion "1"]
[SourceVersionDate "2017.10.06"]
[SourceQuality "1"]

1. e4 c5 2. Nf3 Nc6 3. d4 cxd4 4. Nxd4 Nxd4 5. Qxd4 d6 6. c4 Bd7 7. Be2 e5 8. Qd3 Nf6 9. Nc3 Bc6 10. 0-0 h6 11. Be3 Be7 12. Rfd1 0-0 13. b4 b6 14. f3 Qc7 15. Rac1 Qb7 16. a4 Rfd8 17. b5 Be8 18. Nd5 Nxd5 19. cxd5 Rac8 20. f4 Rxc1 21. Rxc1 Bf6 22. Qc2 exf4 23. Bxf4 Bd4+ 24. Kh1 Bc5 25. Qc3 Qe7 26. Bf3 g5 27. Bg3 Bd7 28. Re1 Rc8 29. Qb2 g4 30. Bd1 Qg5 31. Rf1 Qe3 32. Qf6 Be8 33. Bxg4 Bd4 34. Qe7 Qd3 35. Rd1 Rc1 36. Qxe8+ Kg7 37. Rxc1 Bc5 38. Rd1 Qc3 39. Rf1 f6 40. Be6 1-0

[Event "Wiesbaden op 29th"]
[Site "Wiesbaden"]
[Date "2017.08.25"]
[Round "3"]
[White "Hoffmann, Jens"]
[Black "Neukirchner, Pascal"]
[Result "0-1"]
[WhiteElo "1869"]
[BlackElo "2142"]
[PlyCount "90"]
[EventDate "2017.08.24"]
[EventType "swiss"]
[EventRounds "7"]
[EventCountry "GER"]
[SourceTitle "CBM 180 Extra"]
[Source "ChessBase"]
[SourceDate "2017.10.06"]
[SourceVersion "1"]
[SourceVersionDate "2017.10.06"]
[SourceQuality "1"]

1. e4 c5 2. Nf3 Nc6 3. d4 cxd4 4. Nxd4 g6 5. c4 Bg7 6. Be3 Nf6 7. Nc3 0-0 8. Be2 d6 9. 0-0 Bd7 10. f3 Nxd4 11. Bxd4 a5 12. Nd5 Nxd5 13. cxd5 a4 14. Bxg7 Kxg7 15. Qd4+ Kg8 16. b4 Rc8 17. Rac1 Rc7 18. Qe3 e6 19. Rxc7 Qxc7 20. Rc1 Qd8 21. dxe6 Bxe6 22. Bc4 d5 23. exd5 Bxd5 24. Rd1 Bxc4 25. Rxd8 Rxd8 26. Qe7 Rd1+ 27. Kf2 b5 28. Qe8+ Kg7 29. Qe5+ f6 30. Qe7+ Bf7 31. Qe2 Ra1 32. Qxb5 Rxa2+ 33. Kg3 a3 34. Qc5 Rb2 35. Qc1 Rb3 36. Qc2 a2 37. Qxa2 Rxf3+ 38. gxf3 Bxa2 39. f4 Kf7 40. Kg4 Ke6 41. h4 h5+ 42. Kf3 Bd5+ 43. Ke3 Kf5 44. Kd4 Bg2 45. Ke3 Bc6 0-1

[Event "Pfalz op-B 8th"]
[Site "Neustadt an der Weinstrasse"]
[Date "2017.02.26"]
[Round "5"]
[White "Hoffmann, Jens"]
[Black "Basovskiy, Jana"]
[Result "1/2-1/2"]
[WhiteElo "1823"]
[BlackElo "1569"]
[PlyCount "133"]
[EventDate "2017.02.24"]
[EventType "swiss"]
[EventRounds "7"]
[EventCountry "GER"]
[SourceTitle "CBM 177 Extra"]
[Source "ChessBase"]
[SourceDate "2017.04.27"]
[SourceVersion "1"]
[SourceVersionDate "2017.04.27"]
[SourceQuality "1"]

1. e4 c5 2. Nf3 e6 3. c4 Nc6 4. Nc3 Be7 5. Be2 d6 6. 0-0 Nf6 7. d4 cxd4 8. Nxd4 0-0 9. Be3 Bd7 10. f3 Rc8 11. Qd2 Ne5 12. b3 Ng6 13. Rfd1 a6 14. Rab1 Qc7 15. Rdc1 Qb8 16. a4 Rfd8 17. b4 Ne5 18. Qa2 Be8 19. b5 axb5 20. cxb5 d5 21. exd5 Nxd5 22. Nxd5 Rxd5 23. f4 Ng6 24. Bf3 Rdc5 25. Rxc5 Bxc5 26. g3 Qa7 27. Qf2 Qxa4 28. Nxe6 Bxe3 29. Qxe3 Qa2 30. Re1 Qxe6 31. Qxe6 fxe6 32. Rxe6 Bxb5 33. Bxb7 Rc1+ 34. Kf2 Rc2+ 35. Kg1 Nf8 36. Rb6 Bc4 37. Be4 Re2 38. Bf3 Rd2 39. Rc6 Be2 40. Be4 Rd4 41. Bc2 Bc4 42. Rxc4 Rxc4 43. Bb3 Kf7 44. Bxc4+ Kf6 45. Kf2 h6 46. g4 Ng6 47. Kg3 Ne7 48. h4 Kg6 49. Kf3 Nc6 50. Ke4 Kf6 51. Bb5 Ne7 52. g5+ hxg5 53. hxg5+ Kg6 54. Be8+ Kh7 55. Ke5 Kg8 56. f5 Kf8 57. Bd7 Kf7 58. Be6+ Kf8 59. Kd6 Ke8 60. f6 gxf6 61. gxf6 Ng6 62. Bg8 Kf8 63. Bc4 Ke8 64. Ke6 Kf8 65. Kf5 Nh4+ 66. Kg5 Nf3+ 67. Kf4 1/2-1/2

[Event "Wiesbaden op 27th"]
[Site "Wiesbaden"]
[Date "2015.08.29"]
[Round "5"]
[White "Fucik, Timo"]
[Black "Hoffmann, Jens"]
[Result "1-0"]
[WhiteElo "2033"]
[BlackElo "1852"]
[PlyCount "85"]
[EventDate "2015.08.27"]
[EventType "swiss"]
[EventRounds "7"]
[EventCountry "GER"]
[SourceTitle "EXT 2016"]
[Source "ChessBase"]
[SourceDate "2015.10.08"]
[SourceVersion "1"]
[SourceVersionDate "2015.10.08"]
[SourceQuality "1"]

1. d4 Nf6 2. Bg5 Ne4 3. Bf4 e6 4. f3 Bb4+ 5. c3 Bd6 6. Bxd6 Nxd6 7. e4 f5 8. e5 Nf7 9. Bd3 b6 10. Nd2 Bb7 11. Qe2 Nc6 12. Nh3 g5 13. 0-0-0 Ne7 14. Kb1 Nd5 15. Rhf1 Qe7 16. c4 Nb4 17. g4 Nxd3 18. Qxd3 f4 19. Nf2 0-0-0 20. Nde4 Kb8 21. Qc3 d5 22. exd6 cxd6 23. Qb4 Rc8 24. Rfe1 Qd7 25. c5 d5 26. Nc3 Rc6 27. Nd3 Ba6 28. Na4 Qb7 29. Ne5 Nxe5 30. Rxe5 h6 31. a3 Kc8 32. Rde1 Kd7 33. cxb6 axb6 34. Rxd5+ exd5 35. Re7+ Kc8 36. Rxb7 Kxb7 37. Qe7+ Rc7 38. Qf6 Bd3+ 39. Ka2 Rc2 40. Qxb6+ Ka8 41. Qa5+ Kb8 42. Nc5 Bc4+ 43. Kb1 1-0

[Event "Wiesbaden op 27th"]
[Site "Wiesbaden"]
[Date "2015.08.28"]
[Round "2"]
[White "Mueller, Philipp"]
[Black "Hoffmann, Jens"]
[Result "1-0"]
[WhiteElo "2095"]
[BlackElo "1852"]
[PlyCount "107"]
[EventDate "2015.08.27"]
[EventType "swiss"]
[EventRounds "7"]
[EventCountry "GER"]
[SourceTitle "EXT 2016"]
[Source "ChessBase"]
[SourceDate "2015.10.08"]
[SourceVersion "1"]
[SourceVersionDate "2015.10.08"]
[SourceQuality "1"]

1. d4 d5 2. c4 e6 3. Nc3 Nf6 4. g3 b6 5. Bg2 Bb7 6. cxd5 exd5 7. e3 Be7 8. Nge2 0-0 9. 0-0 Re8 10. a3 c6 11. Bd2 Nbd7 12. b4 a6 13. Qb3 b5 14. Rad1 Nb6 15. f3 a5 16. e4 dxe4 17. fxe4 a4 18. Qc2 Nc4 19. Bc1 Qb6 20. Kh1 Rad8 21. Nxa4 Qa6 22. Nc5 Bxc5 23. dxc5 Nxa3 24. Qc3 Rxd1 25. Rxd1 Qa4 26. Rf1 Nc4 27. Bg5 Ng4 28. Ra1 Nf2+ 29. Kg1 Nd1 30. Qd4 Qxb4 31. Rxd1 f6 32. Bd2 Qb3 33. Bc1 Qc2 34. Nf4 Ne5 35. h3 b4 36. Be3 b3 37. Rc1 Qa2 38. Nd3 Nxd3 39. Qc4+ Kf8 40. Qxd3 b2 41. Rb1 Ba6 42. Qc2 Rd8 43. Rxb2 Qa1+ 44. Rb1 Qa3 45. Qb3 Qa5 46. Qb6 Qxb6 47. cxb6 Bb7 48. Bf4 g5 49. Bc7 Ra8 50. e5 fxe5 51. Rc1 Ke7 52. Bxc6 Bxc6 53. Rxc6 Kd7 54. b7 1-0

[Event "Wiesbaden op 26th"]
[Site "Wiesbaden"]
[Date "2014.08.31"]
[Round "6"]
[White "Oezdemir, Ali Oezden"]
[Black "Hoffmann, Jens"]
[Result "1-0"]
[WhiteElo "1958"]
[BlackElo "1843"]
[PlyCount "51"]
[EventDate "2014.08.28"]
[EventType "swiss"]
[EventRounds "7"]
[EventCountry "GER"]
[SourceTitle "CBM 162 Extra"]
[Source "ChessBase"]
[SourceDate "2014.10.17"]
[SourceVersion "1"]
[SourceVersionDate "2014.10.17"]
[SourceQuality "1"]

1. e4 d6 2. d4 Nf6 3. Nc3 g6 4. Bg5 Bg7 5. Qd2 c6 6. f4 b5 7. Bd3 0-0 8. Nf3 Nbd7 9. 0-0 Qb6 10. Ne2 c5 11. c3 cxd4 12. cxd4 Bb7 13. Ng3 h6 14. Bh4 e5 15. Rad1 exf4 16. Qxf4 g5 17. Bxg5 hxg5 18. Qxg5 Ne5 19. Nf5 Ng6 20. e5 Nh7 21. Ne7+ Nxe7 22. Bxh7+ Kxh7 23. Qh5+ Kg8 24. Ng5 Rfd8 25. Qxf7+ Kh8 26. Qh5+ 1-0

[Event "Wiesbaden op 25th"]
[Site "Wiesbaden"]
[Date "2013.08.24"]
[Round "4"]
[White "Reh, Stefan"]
[Black "Hoffmann, Jens"]
[Result "1/2-1/2"]
[WhiteElo "2048"]
[BlackElo "1655"]
[PlyCount "61"]
[EventDate "2013.08.22"]
[EventType "swiss"]
[EventRounds "7"]
[EventCountry "GER"]
[SourceTitle "EXT 2014"]
[Source "ChessBase"]
[SourceDate "2013.11.20"]
[SourceVersion "1"]
[SourceVersionDate "2013.11.20"]
[SourceQuality "1"]

1. e4 c5 2. c3 g6 3. d4 cxd4 4. cxd4 d5 5. exd5 Nf6 6. Bb5+ Bd7 7. Bc4 Bf5 8. Nc3 Nbd7 9. Bg5 Bg7 10. Nge2 Nb6 11. Bxf6 Bxf6 12. Bb3 0-0 13. 0-0 Rc8 14. Ng3 Qd7 15. Re1 Rfe8 16. Nge4 Bxe4 17. Rxe4 a6 18. Qe2 Rc7 19. Re1 Nc8 20. h4 Nd6 21. Rf4 Nf5 22. Ne4 Kf8 23. Nxf6 exf6 24. Re4 Rxe4 25. Qxe4 Qe7 26. Qb1 Qb4 27. Re4 Qd2 28. Re1 Qxd4 29. Rd1 Qxh4 30. Qd3 Qf4 31. d6 1/2-1/2

[Event "Wiesbaden op 25th"]
[Site "Wiesbaden"]
[Date "2013.08.23"]
[Round "2"]
[White "Eg, Karlheinz"]
[Black "Hoffmann, Jens"]
[Result "0-1"]
[WhiteElo "1999"]
[BlackElo "1655"]
[PlyCount "56"]
[EventDate "2013.08.22"]
[EventType "swiss"]
[EventRounds "7"]
[EventCountry "GER"]
[SourceTitle "EXT 2014"]
[Source "ChessBase"]
[SourceDate "2013.11.20"]
[SourceVersion "1"]
[SourceVersionDate "2013.11.20"]
[SourceQuality "1"]

1. e4 c5 2. Nf3 d6 3. d4 cxd4 4. Nxd4 Nf6 5. Nc3 g6 6. Be2 Bg7 7. Be3 0-0 8. 0-0 Nc6 9. Kh1 Bd7 10. f4 Qc8 11. Qd2 Ng4 12. Bg1 Nh6 13. Nd5 Re8 14. f5 gxf5 15. Be3 Nxd4 16. Bxh6 Qxc2 17. Qg5 Ne6 18. Qg3 Qxe2 19. Rxf5 Qxb2 20. Raf1 Rf8 21. e5 dxe5 22. Bxg7 Nxg7 23. Rg5 e4 24. Nc3 Rac8 25. Rxg7+ Kh8 26. Rxh7+ Kxh7 27. Qh4+ Kg6 28. Qg3+ Kh6 0-1

[Event "Wiesbaden op 25th"]
[Site "Wiesbaden"]
[Date "2013.08.22"]
[Round "1"]
[White "Hoffmann, Jens"]
[Black "Scharrer, Udo"]
[Result "1/2-1/2"]
[WhiteElo "1655"]
[BlackElo "2036"]
[PlyCount "76"]
[EventDate "2013.08.22"]
[EventType "swiss"]
[EventRounds "7"]
[EventCountry "GER"]
[SourceTitle "EXT 2014"]
[Source "ChessBase"]
[SourceDate "2013.11.20"]
[SourceVersion "1"]
[SourceVersionDate "2013.11.20"]
[SourceQuality "1"]

1. e4 c5 2. Nf3 Nc6 3. d4 cxd4 4. Nxd4 Nf6 5. Nc3 e5 6. Nb3 Bb4 7. Bd3 d5 8. exd5 Nxd5 9. Bd2 Bxc3 10. Bxc3 Nxc3 11. bxc3 0-0 12. Qd2 Qc7 13. 0-0-0 Na5 14. Kb2 Be6 15. Nxa5 Qxa5 16. c4 Qxd2 17. Rxd2 Rac8 18. Re1 Rc5 19. Rde2 f6 20. f4 Bxc4 21. Bxc4+ Rxc4 22. fxe5 fxe5 23. Rxe5 Rfc8 24. Re8+ Rxe8 25. Rxe8+ Kf7 26. Re3 Rc6 27. Kb3 Rb6+ 28. Kc3 Ra6 29. Kb3 Rb6+ 30. Kc3 Rg6 31. g3 Rh6 32. h4 Ra6 33. Kb3 Rb6+ 34. Kc3 Kf6 35. g4 Ra6 36. Kb3 Rd6 37. Rf3+ Kg6 38. Rf5 Rb6+ 1/2-1/2

[Event "Steinfurt Bezirksklasse 1213"]
[Site "Germany"]
[Date "2013.01.19"]
[Round "4.2"]
[White "Dau, Dietmar"]
[Black "Hoffmann, Jens"]
[Result "1-0"]
[WhiteElo "1351"]
[BlackElo "1325"]
[PlyCount "67"]
[EventDate "2012.09.29"]
[EventType "team-tourn"]
[EventRounds "9"]
[EventCountry "GER"]
[SourceTitle "EXT 2015"]
[Source "ChessBase"]
[SourceDate "2014.11.20"]
[SourceVersion "1"]
[SourceVersionDate "2014.11.20"]
[SourceQuality "1"]
[WhiteTeam "Ibbenbueren III"]
[BlackTeam "Emsdetten Turm IV"]
[WhiteTeamCountry "GER"]
[BlackTeamCountry "GER"]

1. d4 d5 2. c4 c6 3. Nc3 Nf6 4. e3 Bf5 5. Nf3 e6 6. Qb3 Qc7 7. cxd5 exd5 8. Bd2 Nbd7 9. Rc1 a6 10. Nxd5 Nxd5 11. Qxd5 Be6 12. Qa5 Qxa5 13. Bxa5 Bxa2 14. Bc4 Bxc4 15. Rxc4 b6 16. Bd2 c5 17. 0-0 b5 18. Rc2 Be7 19. dxc5 Nxc5 20. Bb4 Ne6 21. Bxe7 Kxe7 22. Rfc1 Rhd8 23. Ne5 Rd5 24. Nc6+ Kd6 25. Nb4 Rc5 26. Rd2+ Ke7 27. Nc6+ Kf6 28. Rxc5 Nxc5 29. Rd6+ Ne6 30. g3 Rc8 31. Kg2 g6 32. Kf3 Kf5 33. Ne7+ Ke5 34. Nxc8 1-0

[Event "GER-chT U14"]
[Site "Lingen"]
[Date "2011.12.29"]
[Round "5.4"]
[White "Hoffmann, Jens"]
[Black "Wildermuth, Tim"]
[Result "1/2-1/2"]
[WhiteElo "1375"]
[BlackElo "1358"]
[PlyCount "47"]
[EventDate "2011.12.27"]
[EventType "team-swiss"]
[EventRounds "7"]
[EventCountry "GER"]
[SourceTitle "EXT 2022"]
[Source "ChessBase"]
[SourceDate "2021.10.06"]
[SourceVersion "1"]
[SourceVersionDate "2021.10.06"]
[SourceQuality "1"]
[WhiteTeam "Widdern SC U14"]
[BlackTeam "Leipzig SG U14"]
[WhiteTeamCountry "GER"]
[BlackTeamCountry "GER"]

1. e4 c5 2. Nf3 Nc6 3. d4 cxd4 4. Nxd4 e5 5. Nf3 Nf6 6. Bd3 d5 7. Qe2 dxe4 8. Bxe4 Nxe4 9. Qxe4 Be6 10. 0-0 Bd6 11. Nc3 0-0 12. Ng5 f5 13. Nxe6 fxe4 14. Nxd8 Raxd8 15. Nxe4 Be7 16. Bg5 Bxg5 17. Nxg5 Rd2 18. Rac1 Nd4 19. Rce1 Rxc2 20. Rxe5 Rxb2 21. Ra5 Nc6 22. Ra4 a6 23. Nf3 Nb4 24. Ra1 1/2-1/2